[Event "Ruhrgebiet Verbandsklasse Gruppe 3 1718"]
[Site "Germany"]
[Date "2018.04.29"]
[Round "9.7"]
[White "Seibert, Adalbert"]
[Black "Strohmann, Andreas"]
[Result "0-1"]
[WhiteElo "1614"]
[BlackElo "1865"]
[PlyCount "82"]
[EventDate "2017.09.17"]
[EventType "team-tourn"]
[EventRounds "9"]
[EventCountry "GER"]
[SourceTitle "EXT 2022"]
[Source "ChessBase"]
[SourceDate "2021.10.06"]
[SourceVersion "1"]
[SourceVersionDate "2021.10.06"]
[SourceQuality "1"]
[WhiteTeam "Ruettenscheid Rochade"]
[BlackTeam "Buer Hassel"]
[WhiteTeamCountry "GER"]
[BlackTeamCountry "GER"]

1. b3 d6 2. Bb2 e5 3. c4 f5 4. g3 Nf6 5. Bg2 Be7 6. Nc3 c6 7. e3 0-0 8. Nge2 Nbd7 9. 0-0 Qe8 10. d4 e4 11. Nf4 Nb6 12. a4 g5 13. Nfe2 Qg6 14. a5 Nbd7 15. b4 h5 16. f3 d5 17. cxd5 Nxd5 18. Qb3 Qe6 19. fxe4 fxe4 20. Bxe4 N7f6 21. Nxd5 cxd5 22. Rxf6 Qxf6 23. Bxd5+ Kg7 24. Qc2 Bh3 25. Nf4 gxf4 26. exf4 Rac8 27. Qd2 Bf5 28. Bxb7 Rc2 29. Qe3 Rxb2 30. Rc1 Rb1 31. Rxb1 Bxb1 32. a6 Bxb4 33. d5 Ba5 34. Kg2 Bb6 35. Qe1 Bg6 36. Bc6 Rf7 37. Bb7 Re7 38. Qb4 Be4+ 39. Kf1 Qa1+ 40. Ke2 Qa2+ 41. Ke1 Qf2+ 0-1

[Event "Dortmund Sparkassen op-B"]
[Site "Dortmund"]
[Date "2014.07.19"]
[Round "8"]
[White "Brock, Udo"]
[Black "Seibert, Adalbert"]
[Result "1-0"]
[WhiteElo "1729"]
[BlackElo "1623"]
[PlyCount "78"]
[EventDate "2014.07.12"]
[EventType "swiss"]
[EventRounds "9"]
[EventCountry "GER"]
[SourceTitle "EXT 2022"]
[Source "ChessBase"]
[SourceDate "2021.10.06"]
[SourceVersion "1"]
[SourceVersionDate "2021.10.06"]
[SourceQuality "1"]

1. d4 d5 2. Nf3 Nf6 3. e3 Bg4 4. h3 Bh5 5. g4 Bg6 6. Ne5 e6 7. h4 h6 8. Nxg6 fxg6 9. Bd3 Kf7 10. h5 g5 11. Bg6+ Kg8 12. Nc3 Nbd7 13. Qf3 Bb4 14. Bd2 Qe7 15. a3 Bxc3 16. Bxc3 Rf8 17. Qg2 b6 18. 0-0-0 Rc8 19. f4 Ne4 20. Bxe4 dxe4 21. Qxe4 Nf6 22. Qf3 Nd5 23. Bd2 Rf8 24. Rhf1 Rf6 25. c4 gxf4 26. cxd5 fxe3 27. Qxe3 Kh7 28. Rxf6 Qxf6 29. Qe4+ g6 30. hxg6+ Kg7 31. Qxe6 Rf8 32. Rh1 Rh8 33. Qxf6+ Kxf6 34. Rxh6 Rc8 35. g5+ Kg7 36. Bf4 Rg8 37. Be5+ Kf8 38. Rh8 a6 39. Rxg8+ Kxg8 1-0

[Event "Dortmund Sparkassen op-B"]
[Site "Dortmund"]
[Date "2014.07.17"]
[Round "6"]
[White "Regber, Karl Heinz"]
[Black "Seibert, Adalbert"]
[Result "1-0"]
[WhiteElo "1553"]
[BlackElo "1623"]
[PlyCount "103"]
[EventDate "2014.07.12"]
[EventType "swiss"]
[EventRounds "9"]
[EventCountry "GER"]
[SourceTitle "EXT 2022"]
[Source "ChessBase"]
[SourceDate "2021.10.06"]
[SourceVersion "1"]
[SourceVersionDate "2021.10.06"]
[SourceQuality "1"]

1. Nf3 d5 2. d4 Nf6 3. e3 Bg4 4. c4 e6 5. h3 Bh5 6. Qb3 Nbd7 7. Ne5 Rb8 8. Nc3 c6 9. cxd5 Nxe5 10. dxe5 Nxd5 11. g4 Bg6 12. Bg2 Bc5 13. Nxd5 cxd5 14. 0-0 0-0 15. Bd2 Bb6 16. Bb4 Re8 17. Rac1 h5 18. Qd1 Qg5 19. Bd6 Rbc8 20. Qf3 Be4 21. Qf4 Qxf4 22. exf4 Bxg2 23. Kxg2 h4 24. Rfd1 g6 25. g5 Rc6 26. Rxc6 bxc6 27. b4 Rc8 28. Rc1 a5 29. a3 a4 30. Kf3 Bd4 31. Rc2 Kg7 32. Ke2 Ba7 33. Kd3 Bb6 34. Bc5 Bd8 35. b5 Kg8 36. Ba7 Rc7 37. b6 Rb7 38. Rxc6 Kf8 39. Kd4 Kg8 40. Kc5 Rd7 41. Rd6 Be7 42. Kc6 Bxd6 43. Kxd7 Bc5 44. Kc6 Bxf2 45. Kb5 Kg7 46. Ka6 Bc5 47. b7 Bxa3 48. b8Q Bc1 49. Bc5 a3 50. Qf8+ Kh7 51. Qxf7+ Kh8 52. Bf8 1-0

[Event "Essen Werden op"]
[Site "Essen"]
[Date "2004.06.04"]
[Round "1"]
[White "Blank, Heinrich"]
[Black "Seibert, Adalbert"]
[Result "0-1"]
[WhiteElo "1196"]
[BlackElo "1653"]
[PlyCount "84"]
[EventDate "2004.06.04"]
[EventType "swiss"]
[EventRounds "7"]
[EventCountry "GER"]
[SourceTitle "EXT 2007"]
[Source "ChessBase"]
[SourceDate "2006.11.23"]
[SourceVersion "1"]
[SourceVersionDate "2006.11.23"]
[SourceQuality "1"]

1. e4 e6 2. Nf3 d5 3. e5 c5 4. Nc3 a6 5. Be2 Nc6 6. 0-0 Nge7 7. d4 cxd4 8. Nxd4 Nxe5 9. Bf4 N7g6 10. Bg3 Bd6 11. Rb1 Nc6 12. Bxd6 Qxd6 13. a3 Bd7 14. Nb3 0-0 15. Qd2 Nce7 16. Ne4 Qc7 17. Nec5 Bc6 18. Rbc1 Nf4 19. Bf3 Nfg6 20. Rfe1 Nf5 21. Nd4 Nxd4 22. Qxd4 e5 23. Qd2 e4 24. Be2 Rfe8 25. Bg4 Rad8 26. c3 Qe5 27. Qd4 Qg5 28. Bh3 Nf4 29. Kh1 Rd6 30. Qe3 Rg6 31. Qg3 Nxh3 32. Re3 Qxg3 33. fxg3 Nf2+ 34. Kg1 Ng4 35. Ree1 e3 36. Re2 Bb5 37. Ree1 b6 38. Nb3 e2 39. Nd4 Bd3 40. b3 Rf6 41. c4 dxc4 42. bxc4 Rf1+ 0-1

[Event "Ruhrgebiet VK1 0304"]
[Site "Ruhrgebiet"]
[Date "2004.03.28"]
[Round "8.8"]
[White "Seibert, Adalbert"]
[Black "Strathoff, Jens"]
[Result "0-1"]
[WhiteElo "1650"]
[BlackElo "1494"]
[PlyCount "121"]
[EventDate "2003.09.28"]
[EventType "team-tourn"]
[EventRounds "9"]
[EventCountry "GER"]
[SourceTitle "EXT 2007"]
[Source "ChessBase"]
[SourceDate "2006.11.23"]
[SourceVersion "1"]
[SourceVersionDate "2006.11.23"]
[SourceQuality "1"]
[WhiteTeam "Essen Listiger Bauer"]
[BlackTeam "Brackel III"]
[WhiteTeamCountry "GER"]
[BlackTeamCountry "GER"]

1. b3 d5 2. Bb2 Nc6 3. Nf3 Bg4 4. e3 e5 5. Be2 e4 6. Nd4 Bxe2 7. Qxe2 a6 8. Qg4 Nf6 9. Qg3 Nh5 10. Qh3 Nf6 11. 0-0 Bc5 12. Nxc6 bxc6 13. Qf5 Be7 14. f3 0-0 15. fxe4 Nxe4 16. d3 Bf6 17. Bxf6 Nxf6 18. Nd2 Qd6 19. Rf3 Rae8 20. d4 Qe6 21. Qd3 Ne4 22. Raf1 Re7 23. Rh3 h6 24. Nf3 c5 25. c4 c6 26. Ne5 Rb8 27. Rhf3 Rbb7 28. Rf5 Qd6 29. Rd1 Nf6 30. Rdf1 a5 31. Qe2 Rb8 32. Qf3 Rd8 33. Qg3 Ne4 34. Qg4 Qe6 35. h3 cxd4 36. exd4 Ng5 37. c5 Rde8 38. Kh1 Ne4 39. R1f3 Ng5 40. Rg3 f6 41. Nf3 Ne4 42. Nh4 Nxg3+ 43. Qxg3 Qe1+ 44. Kh2 Qxg3+ 45. Kxg3 Re3+ 46. Rf3 Rxf3+ 47. Kxf3 Re4 48. Nf5 Kh7 49. a3 g6 50. Nd6 Re7 51. b4 Kg7 52. b5 cxb5 53. Nxb5 Kf8 54. c6 Ke8 55. a4 Kd8 56. g3 Re6 57. c7+ Kc8 58. Nc3 Rd6 59. Nb5 Rb6 60. Ke3 Rxb5 61. axb5 0-1

[Event "Ruhrgebiet VK1 0001"]
[Site "Ruhrgebiet"]
[Date "2001.01.21"]
[Round "5"]
[White "Seibert, Adalbert"]
[Black "Boeer, Walter"]
[Result "0-1"]
[WhiteElo "1617"]
[BlackElo "1737"]
[PlyCount "80"]
[EventDate "2000.09.17"]
[EventType "team-tourn"]
[EventRounds "9"]
[EventCountry "GER"]
[SourceTitle "EXT 2023"]
[Source "ChessBase"]
[SourceDate "2022.10.05"]
[SourceVersion "1"]
[SourceVersionDate "2022.10.05"]
[SourceQuality "1"]
[WhiteTeam "Essen Listiger Bauer"]
[BlackTeam "Buer SF"]
[WhiteTeamCountry "GER"]
[BlackTeamCountry "GER"]

1. d4 Nf6 2. Bg5 e6 3. e4 Be7 4. e5 Nd5 5. Bxe7 Qxe7 6. c3 b6 7. Nf3 Bb7 8. Qd2 c5 9. c4 Nc7 10. d5 exd5 11. Nc3 d4 12. Ne2 Ne6 13. 0-0-0 Nc6 14. Ng3 g6 15. Re1 Na5 16. Bd3 Rc8 17. b3 Bxf3 18. gxf3 Qg5 19. Ne4 Qxd2+ 20. Kxd2 Ke7 21. Nd6 Ra8 22. Be4 Rhf8 23. Nb5 Nc6 24. Bd5 a6 25. Na3 f6 26. exf6+ Kxf6 27. Nc2 Nf4 28. Bxc6 dxc6 29. Re4 Kg7 30. Rhe1 Rf7 31. Re8 Ng2 32. R1e6 Rxe8 33. Rxe8 Rxf3 34. Re7+ Kh6 35. Re6 Rxf2+ 36. Kc1 Nf4 37. Rxc6 d3 38. Ne3 Ne2+ 39. Kd1 Nc3+ 40. Kc1 Rd2 0-1